header

Translating dialects and languages of minorities (Record no. 99283)

MARC details
000 -LEADER
fixed length control field 01422nam a2200361 a 4500
082 04 - DEWEY DECIMAL CLASSIFICATION NUMBER
Classification number 418/.02
245 00 - TITLE STATEMENT
Title Translating dialects and languages of minorities
260 ## - PUBLICATION, DISTRIBUTION, ETC. (IMPRINT)
Place of publication Oxford ;
-- New York :
Name of publisher Peter Lang,
Year of publication c2011.
300 ## - PHYSICAL DESCRIPTION
Number of Pages viii, 233 p. :
Other physical details ill.
650 #0 - SUBJECT ADDED ENTRY--TOPICAL TERM
Topical Term Translating and interpreting.
Topical Term Language and languages
Topical Term Dialectology.
700 1# - ADDED ENTRY--PERSONAL NAME
Personal name Federici, Federico M.
856 40 - ELECTRONIC LOCATION AND ACCESS
Uniform Resource Identifier http://site.ebrary.com/lib/rucke/Doc?id=10600601

No items available.

© 2026 Rongo University
Contact us: librarian | system librarian | Rongo university